<?xml version="1.0" encoding="UTF-8"?><?xml-stylesheet type="text/xsl" href="static/style.xsl"?><OAI-PMH xmlns="http://www.openarchives.org/OAI/2.0/" xmlns:xsi="http://www.w3.org/2001/XMLSchema-instance" xsi:schemaLocation="http://www.openarchives.org/OAI/2.0/ http://www.openarchives.org/OAI/2.0/OAI-PMH.xsd"><responseDate>2026-06-07T07:49:47Z</responseDate><request verb="GetRecord" identifier="oai:riuma.uma.es:10630/33034" metadataPrefix="marc">https://riuma.uma.es/rest/oai/request</request><GetRecord><record><header><identifier>oai:riuma.uma.es:10630/33034</identifier><datestamp>2026-02-03T11:06:27Z</datestamp><setSpec>com_10630_2254</setSpec><setSpec>col_10630_37953</setSpec></header><metadata><record xmlns="http://www.loc.gov/MARC21/slim" xmlns:dcterms="http://purl.org/dc/terms/" xmlns:doc="http://www.lyncode.com/xoai" xmlns:xsi="http://www.w3.org/2001/XMLSchema-instance" xsi:schemaLocation="http://www.loc.gov/MARC21/slim http://www.loc.gov/standards/marcxml/schema/MARC21slim.xsd">
   <leader>00925njm 22002777a 4500</leader>
   <datafield ind2=" " ind1=" " tag="042">
      <subfield code="a">dc</subfield>
   </datafield>
   <datafield ind2=" " ind1=" " tag="720">
      <subfield code="a">Anaya-Aguilar, Rosa María</subfield>
      <subfield code="e">author</subfield>
   </datafield>
   <datafield ind2=" " ind1=" " tag="720">
      <subfield code="a">Gemar-Castillo, Germán</subfield>
      <subfield code="e">author</subfield>
   </datafield>
   <datafield ind2=" " ind1=" " tag="720">
      <subfield code="a">Anaya-Aguilar, Carmen</subfield>
      <subfield code="e">author</subfield>
   </datafield>
   <datafield ind2=" " ind1=" " tag="260">
      <subfield code="c">2021-02-07</subfield>
   </datafield>
   <datafield ind2=" " ind1=" " tag="520">
      <subfield code="a">Most spas are surrounded by beautiful natural environments, so these facilities contribute&#xd;
to sustainable economic development and their guests are national and local tourists with a high&#xd;
average stay. This study has the objective of analyzing the factors associated with the level of&#xd;
satisfaction and the profile of spa tourists in Andalusia, southern Spain. The methodology used was&#xd;
a quantitative study based on a stratified cross-sectional survey. Each stratum was a spa, with a&#xd;
population of 53,231 users per year, whose final sample included 725 users. The results found were&#xd;
that the profile of Andalusian spa tourists is predominantly female, over 56 years old, and retired&#xd;
with average incomes below one thousand euros. The level of satisfaction of its users is above the&#xd;
average in the factors of accommodation, restaurants, spa, and public roads and natural environment&#xd;
and most of these clients would recommend it to others [92.4%] and express the intention to return&#xd;
[63.6%] which indicates that Andalusian spas show a very high level of customer loyalty. The study&#xd;
has the limitation of being cross-sectional quantitative research carried out in Andalusia that could&#xd;
be complemented in future research with a qualitative study with experts. The research presents&#xd;
contributions for companies since they could develop strategies to attract users with younger profiles&#xd;
with activities, prices, or spaces that are more appropriate to their needs and seek the conditions to&#xd;
increase the satisfaction of these segments. The study is original since this research is a quantitative&#xd;
study that shows the real profile of the Andalusian spa tourist and their high level of satisfaction&#xd;
with the spa and their loyalty. The surveys were conducted at each spa by a face-to-face researcher&#xd;
with a response rate of 98%.</subfield>
   </datafield>
   <datafield ind1="8" ind2=" " tag="024">
      <subfield code="a">Anaya-Aguilar, R.; Gemar, G.; Anaya-Aguilar, C. Factors Associated with Spa Tourists’ Satisfaction. Mathematics 2021, 9, 332. https://doi.org/10.3390/math9040 332</subfield>
   </datafield>
   <datafield ind1="8" ind2=" " tag="024">
      <subfield code="a">https://hdl.handle.net/10630/33034</subfield>
   </datafield>
   <datafield ind1="8" ind2=" " tag="024">
      <subfield code="a">10.3390/math9040332</subfield>
   </datafield>
   <datafield tag="653" ind2=" " ind1=" ">
      <subfield code="a">Viajes - Aspectos sanitarios</subfield>
   </datafield>
   <datafield ind2="0" ind1="0" tag="245">
      <subfield code="a">Factors Associated with Spa Tourists’ Satisfaction</subfield>
   </datafield>
</record>
</metadata></record></GetRecord></OAI-PMH>